Химико-технический контроль гидролизных производств

Bibliographic Details
Main Author: Емельянова И. З. Ираида Захаровна
Language:Russian
Published: Москва, Лесная промышленность, 1976
Edition:2-е изд., перераб.
Subjects:
Format: Book
KOHA link:https://koha.lib.tpu.ru/cgi-bin/koha/opac-detail.pl?biblionumber=100869

MARC

LEADER 00000nam0a2200000 4500
001 100869
005 20231031112310.0
035 |a (RuTPU)RU\TPU\book\108558 
090 |a 100869 
100 |a 20060828d1976 k y0rusy50 ca 
101 0 |a rus 
102 |a RU 
105 |a a z 001zy 
200 1 |a Химико-технический контроль гидролизных производств  |f И. З. Емельянова 
205 |a 2-е изд., перераб. 
210 |a Москва  |c Лесная промышленность  |d 1976 
215 |a 328 с.  |c ил. 
320 |a Справочные таблицы: с. 316-319. 
320 |a Список литературы: с. 319-322. 
320 |a Предметный указатель: с. 323-324. 
610 1 |a гидролизное производство 
610 1 |a химико-технический контроль 
675 |a 634.0.863:66.012.1  |v 3 
700 1 |a Емельянова  |b И. З.  |g Ираида Захаровна 
801 1 |a RU  |b 63413507  |c 20060828  |g PSBO 
801 2 |a RU  |b 63413507  |c 20070118  |g PSBO 
942 |c BK